• 首页
  • 本馆介绍
  • 公告通知
  • 最新文献
  • 馆藏检索
  • 电子资源
  • 读者导购
  • 参考咨询
  • 我的图书馆
  • 登录
  • 详细信息显示
  • 放入我的书架
  • 预约/预借图书
  • 作者相关作品
  • 分类相关作品
  • 丛书相关作品
  • 出版社相关作品

书目信息

  • 表格格式
  • 工作单格式
  • 卡片格式
题名:
体操
    
 
作者: ;体育院、系教材编审委员会《体操》编写组 编
分册:  
出版信息: 北京   人民体育出版社  1979
页数: 494页
开本: 19cm
丛书名:
单 册:
中图分类: G83
科图分类:
主题词: 体操--高等学校--教材
电子资源:
ISBN:
000 00787nam0 2200241 45
001 0179004000
005 20051115092753.56
010    @dCNY1.95
091    @a7015.1671
100    @a19950724d1979 em y0chiy0121 ea
101 0  @achi
102    @aCN@b110000
105    @ay z 000yy
200 10 @a体操@Ati cao@f体育院、系教材编审委员会《体操》编写组编@Fti yu yuan、xi jiao cai bian shen wei yuan hui《ti cao》bian xie zu bian
210    @a北京@c人民体育出版社@d1979
215    @a494页@d19cm
300    @a国内发行
300    @a体育系通用教材
606    @a体操@x高等学校@x教材
690    @aG83@v3
711  0 @a体育院、系教材编审委员会《体操》编写组@Ati yu yuan、xi jiao cai bian shen wei yuan hui《ti cao》bian xie zu@4编
801  0 @aCN@bNLC@c20051115
905    @dG83@e2@b112210@f1
    
    体操/体育院、系教材编审委员会《体操》编写组编.-北京:人民体育出版社,1979
    494页;19cm
    国内发行.-体育系通用教材
    
    ISBN :CNY1.95
    
●
相关链接 在E读中查询图书 在五车中查询图书 在当当中查询图书 在豆瓣中查询图书


正题名:体操     索取号:G83/2         预约/预借

序号 登录号 条形码 馆藏地/架位号 状态 备注
1 0011030   202138150   密集书库/ [索取号:G83/2] 在馆    
2 0072781   202140370   密集书库/ [索取号:G83/2] 在馆    
3 0072782   202140361   密集书库/ [索取号:G83/2] 在馆    
4 0112202   000995276   密集书库/ [索取号:G83/2] 在馆    
5 0112203   000995249   密集书库/ [索取号:G83/2] 在馆    
6 0112204   000995221   密集书库/ [索取号:G83/2] 在馆    
7 0112206   000995212   密集书库/ [索取号:G83/2] 在馆    
8 0112207   000995178   密集书库/ [索取号:G83/2] 在馆    
9 0112208   000995230   密集书库/ [索取号:G83/2] 在馆    
10 0112209   000995285   密集书库/ [索取号:G83/2] 在馆    
11 0112210   001955423   密集书库/ [索取号:G83/2] 在馆    
12 0112211   000995267   第一样本阅览室/ [索取号:G83/2] 在馆    
唐山师范学院图书馆 欢迎您!
大连网信软件有限公司© 版权所有